000 00453cam a2200181ua 4500
020 _c45.00
041 _aeng
_h
082 _a537
_bHIR/EL
100 _aHirst, A.W .
245 _aElectricity and magnetism : for engineering students /
_cA.W.Hirst.
_hTextual Documents
250 _a3 /
_b.
260 _aLondon :
_bBlackie & Son Ltd ,
_c1963.
300 _a438 ; .
365 _a45.00
504 _a
942 _cBK
999 _c1841
_d1841